| 000 | 00518nam a22001457a 4500 | ||
|---|---|---|---|
| 020 | _a9788192798233 | ||
| 041 | _aENG | ||
| 082 |
_a181.07 _bKAZ |
||
| 100 | _aKazmi, Latif Hussain Shah | ||
| 245 | _aComparative Study of Religions: A Step to interfaith Studies | ||
| 260 |
_aAligarh, U.P., India, _b National Printers & Publishers (Regd.), _c National Printers & Publishers (Regd.), Aligarh, U.P., India, 2022 |
||
| 300 |
_a233 pages _b23 cm |
||
| 650 |
_a Moral religious _aReligions _aReligion Relations |
||
| 942 | _cBK | ||
| 999 |
_c23523 _d23523 |
||